Pastorálna psychológia v katechetike (úvod a výskum)

Podrobná bibliografia
Hlavný autor: Procházková, Lenka (Autor)
Médium: Článok
Jazyk:slovenčina
ISSN:1336-1783
Predmet:

MARC

LEADER 00000nab a2200000 a 4500
001 vtls008627046
003 SK-MaSNL
005 20260304144135.0
008 250505c2005 xo mr|p|||||||000 b|slo
015 |a SNBRB2006/03 
035 |a (sysno)vtls008627046 
035 |a urn:nbn:sk:snk-ab70we 
035 |a (uuid)ff83d22a-5c62-4e9d-9379-2aad433a96a8 
035 |a (urnnbn)urn:nbn:sk:snk:ar-a06h1h 
038 |a SNKBUCL 
040 |a SNKBUCL  |b slo  |c SNKBUCL  |e AACR2 
041 0 |a slo 
044 |a xo  |c SK 
080 |a 25  |2 1997 
080 |a 238.1  |2 1997 
100 1 |a Procházková, Lenka  |4 aut  |9 10442 
245 1 0 |a Pastorálna psychológia v katechetike  |b (úvod a výskum)  |c Lenka Procházková 
504 |a Bibliogr. odkazy 
650 0 7 |a pastorálna psychológia  |2 snkbucl  |9 67700 
650 0 7 |a katechetika  |2 snkbucl  |9 4065 
773 0 |t Evanjelikálny teologický časopis  |g Roč. IV., č. 2 (2005), s. 62-74  |x 1336-1783 
850 |a Slovenská národná knižnica 
852 |a Slovenská národná knižnica 
954 |a odborná, vedecká literatúra pôvodná (slovenská)  |2 lita 
958 |a article27 
958 |a OND 
958 |a NB 
958 |a NT 
958 |a EUIPO 
999 |c 2929608  |d 2931538